000 00879nam a2200241 a 4500
001 13856
003 BD-JhCC
005 20240423125453.0
008 181026b20182022bg |||| ||a| 000 0 ben d
020 _a9789849031017
035 _a(BD-JhCC)13856
040 _aBD-JhCC
_dBD-JhCC
041 _abengali
082 _a297
_bJAM 2022
100 _a জামিল,তারিক
245 _aপৃথিবী আমার আসল ঠিকানা নয় /
_cতারিক জামিল,অনু: মাওলানা কাওসার বিন নুরুদ্দীন ।
_b
260 _aঢাকা:
_bবিননুরী লাইব্রেরী;
_c2022.
300 _a128 p. :
_c22 cm.
650 _aIslamic
700 _a নুরুদ্দীন,মাওলানা কাওসার বিন
942 _2ddc
_cBK
999 _c13856
_d13856